LEADER 01121nam a2200229 4500 001 000000340942 003 CaOOAMICUS 005 20230724124917.0 008 200707s1771 fr a 000 u fre r 026 $auxes reue u-e, nech (3) 1771 (R) 040 $aSeMil$bita 100 11$aLa Lande, Jérôme : de,$d<1732-1807>.$0(OLS)http://semarc/name/111698 245 00$aTome 2. 264 1$aA Paris :$bChez la veuve Desaint, rue du Foin Saint Jacques,$c1771. 300 $a[4], 830 p., C. di tav. ripieg. VI-XXVIII :$bill. ;$c4° 500 $aSegn.: ?² A-5M?(-5M?) 773 0 $aLa Lande, Jérôme : de <1732-1807>$tAstronomie, par M. de La lande, lecteur royal en mathématiques.$dA Paris : Chez la veuve Desaint, rue du Foin Saint Jacques, 1771.$bSeconde édition revue et augmentée$g2$w()340938 850 $aSeMil 852 $aSeMil$W1$xVenegono$y1$m3XE VI 4 FA$j219718$B231953$CSeMilBibl$Z2$F231953 $8I 996 $6245$aTome 2$9(OLS)http://semarc/title/1533 996 $6264$aA Paris :$bChez la veuve Desaint, rue du Foin Saint Jacques$9(OLS)http://semarc/publisher/59094 LEADER 00693nam a2200193 i 4500 001 000000178849 003 CaOOAMICUS 005 20090611000000.0 008 090611s1965 it u000 u ita u 013 $a156424 040 $aSeMil$bita 100 1 $aBucci, Mario.$0(OLS)http://semarc/name/47227 245 13$aLa basilica di Santa Croce /$cDi Mario Bucci. 300 $a1 v. :$briccamente ill. 773 0 $tForma e colore.$dFirenze : Sadea Sansoni, [1965]$g34$w()21466 850 $aSeMil 852 $aSeMil$W1$xVenegono$y1$m5V VII 70$j129619$B129619$CSeMilBibl$Z2$F142238 $81 961 $aOmaggio: Giuliani don Angelo 996 $6245$aLa basilica di Santa Croce$9(OLS)http://semarc/title/256881